| 000 | 00516pam a2200217 i 4500 | ||
|---|---|---|---|
| 001 | 2235767 | ||
| 005 | 20180122071640.0 | ||
| 008 | 761110t19771957nyua j 000 1 eng | ||
| 010 | _a 76054741 | ||
| 020 |
_a0140502017 : _c$1.95 |
||
| 040 |
_aDLC _cDLC _dDLC |
||
| 041 | _aeng | ||
| 042 | _alcac | ||
| 080 | _a37 ROB | ||
| 082 | 0 | 0 | _a37 ROB |
| 100 | 1 | _a46 | |
| 101 | _aEDU | ||
| 245 | 1 | 0 |
_aTime of wonder / _cby Robert McCloskey. |
| 906 |
_a7 _bcbc _corignew _d1 _eocip _f19 _gy-gencatlg |
||
| 942 |
_2ddc _cBK |
||
| 999 |
_c40656 _d40656 |
||